Представление документа в формате RUSMARC

ПолеНазваниеЗначение
  Тип записи a
  Библиографический уровень m
001 Контрольный номер fb7109ff4c3d43d3aed707d4e0b1e3f0
005 Дата корректировки 20140930142416.1
010 Индекс ISBN __
a ISBN 5-88103-074-5
200 Заглавие и сведения об ответственности 1_
a Заглавие Финансовый анализ
e Сведения, относящиеся к заглавию Учеб. пособие
f Первые сведения об ответственности Э.А.Маркарьян,Г.П.Герасименко,С.Э.Маркарьян
205 Сведения об издании __
b Дополнительные сведения об издании 3-е изд.,перераб.и доп.
210 Выходные данные 1_
a Место издания М.
c Издательство ФБК-ПРЕСС
d Дата издания 2002
215 Физическое описание __
a Объем 217 с.
225 Серия 2_
a Серия Б-ка журн."Финансовые и бухгалтерские консультации"
v Обозначение тома вып. 2 (18)
300 Общие примечания __
a Общие примечания 5экз.
610 Ключевые слова 0_
a Ключевые слова Финансовый анализ
610 Ключевые слова 0_
a Ключевые слова финансовые результаты
610 Ключевые слова 0_
a Ключевые слова финансовое состояние
610 Ключевые слова 0_
a Ключевые слова прибыль продукции
610 Ключевые слова 0_
a Ключевые слова рентабельность
610 Ключевые слова 0_
a Ключевые слова активы
610 Ключевые слова 0_
a Ключевые слова капитал
610 Ключевые слова 0_
a Ключевые слова финансовая устойчивость
610 Ключевые слова 0_
a Ключевые слова платежеспособность предприятия
610 Ключевые слова 0_
a Ключевые слова инвестиционные проекты
610 Ключевые слова 0_
a Ключевые слова инвестиционный анализ
686 Индексы других классификаций __
a Классификационный индекс 65.053
2 Код системы rubbk
686 Индексы других классификаций __
a Классификационный индекс 65.053.9(2)
2 Код системы rubbk
701 Альтернативная интеллектуальная ответственность _1
a Фамилия Маркарьян Эдуард Арамович и др.
701 Альтернативная интеллектуальная ответственность _1
a Фамилия Герасименко Галина Петровна
701 Альтернативная интеллектуальная ответственность _1
a Фамилия Маркарьян Сергей Эдуардович
801 Источник записи _0
a Страна RU
b Организация РУК
c Дата составления 20030217
g Правила каталогизации PSBO
801 Источник записи _1
a Страна RU
b Организация РУК
c Дата составления 20030217
g Правила каталогизации PSBO
852 Данные о местонахождении __
i Авторский знак М26
j Шифр хранения ББК 65.053
901 Тип документа __
t Тип документа m
938 Служебная информация __
a Название организации Головной вуз
b Имя БД BOOK
c Название АИБС АИБС ИРБИС